00437nam a2200145Ia 4500008004100000245006000041260001700101260000900118300000800127650002300135650001200158856002900170999001900199952007300218170516s9999 xx 000 0 und d aNanobody: The “Magic Bullet” for Molecular Imaging? bTheranostics c2014 a4:4 xMedical Technology xMedtech uhttp://www.thno.org/v4i4 c330539d330539 001040aCLbCLd2017-05-16l0r2017-05-16 00:00:00w2017-05-16yFOJ